[Event "Ostravský koník 2014 - MÈR"]
[Site "Ostrava, CZE"]
[Date "2014.05.02"]
[Round "7"]
[White "Dolezal, Radoslav"]
[Black "Biolek, Richard"]
[Result "1/2-1/2"]
[WhiteElo "2344"]
[BlackElo "2418"]
[PlyCount "88"]

1. d4 Nf6 2. Nf3 g6 3. g3 Bg7 4. Bg2 O-O 5. O-O d6 6. a4 Nbd7 7. a5 Rb8 8. b4
e5 9. dxe5 Ng4 10. Bg5 Qe8 11. Ra3 Ndxe5 12. Nxe5 Nxe5 13. Nc3 h6 14. Bc1 Bg4
15. h3 Be6 16. Nd5 Qd7 17. g4 c6 18. Nf4 Bc4 19. Rg3 d5 20. Nd3 d4 21. f4 Nxd3
22. exd3 Bd5 23. Bxd5 Qxd5 24. f5 Rfe8 25. f6 Bf8 26. Bd2 Kh7 27. h4 Bd6 28.
Rg2 Re5 29. g5 h5 30. Qf3 Qxf3 31. Rxf3 Rbe8 32. Rf4 Rd5 33. Rff2 Kg8 34. Re2
Kf8 35. Rxe8+ Kxe8 36. Re2+ Re5 37. Rxe5+ Bxe5 38. Kf2 Kd7 39. Kf3 Ke6 40. Bf4
Kf5 41. Bxe5 Kxe5 42. Kg3 Kf5 43. Kf3 Ke5 44. Kg3 Kf5 1/2-1/2

[Event "Ostravský koník 2014 - MÈR"]
[Site "Ostrava, CZE"]
[Date "2014.05.02"]
[Round "7"]
[White "Kanovsky, David"]
[Black "Kraus, Tomas"]
[Result "1/2-1/2"]
[WhiteElo "2416"]
[BlackElo "2326"]
[PlyCount "125"]

1. e4 e5 2. Nf3 Nf6 3. d4 Nxe4 4. Bd3 d5 5. Nxe5 Nd7 6. Nxd7 Bxd7 7. Nc3 Bb4 8.
O-O Nxc3 9. bxc3 Bxc3 10. Rb1 b6 11. Ba3 Qf6 12. Ba6 Rb8 13. Rb3 b5 14. Rxc3
Qxa6 15. Bc5 Be6 16. Ra3 Qc6 17. Rxa7 Ra8 18. Rxa8+ Qxa8 19. Qd3 Qc6 20. Rb1 f6
21. a4 Kf7 22. axb5 Qd7 23. b6 cxb6 24. Rxb6 Ra8 25. h3 Kg8 26. Qb3 Bf7 27. Qg3
Kh8 28. Kh2 h6 29. Qb3 Qf5 30. Rb7 Qf4+ 31. Qg3 Qxg3+ 32. Kxg3 Kg8 33. c3 Re8
34. Kf3 h5 35. h4 Be6 36. Kg3 Kh7 37. f3 Kg6 38. Kf4 Kh7 39. Be7 Kg8 40. g4
hxg4 41. fxg4 Kf7 42. Bd6+ Kg6 43. Rc7 Bg8 44. Kf3 Be6 45. Bf4 Kh7 46. Ra7 Kg8
47. Bd6 Rd8 48. Be7 Rd7 49. Ra8+ Kh7 50. Bb4 Rb7 51. Kf4 Rd7 52. Re8 Bf7 53.
Rf8 Be6 54. Rb8 Ra7 55. Bc5 Ra1 56. Rb6 Rf1+ 57. Kg3 Re1 58. Kf2 Re4 59. g5 Kg6
60. gxf6 gxf6 61. Kg3 Kf5 62. h5 Re3+ 63. Kf2 1/2-1/2

[Event "Ostravský koník 2014 - MÈR"]
[Site "Ostrava, CZE"]
[Date "2014.05.02"]
[Round "7"]
[White "Svoboda, Svatopluk"]
[Black "Babula, Vlastimil"]
[Result "0-1"]
[WhiteElo "2334"]
[BlackElo "2553"]
[PlyCount "58"]

1. e4 c5 2. Nf3 Nc6 3. Bb5 e6 4. O-O Nge7 5. Re1 a6 6. Bf1 d5 7. exd5 Nxd5 8.
d4 Nf6 9. Be3 Be7 10. c4 O-O 11. Nc3 cxd4 12. Nxd4 Bd7 13. Nb3 Ne5 14. Qd4 Ng6
15. Red1 Qb8 16. g3 Bc6 17. Bg2 Rd8 18. Qb6 Nd7 19. Qa5 Bxg2 20. Kxg2 b6 21.
Qa4 Qb7+ 22. Kg1 Nde5 23. h3 Nd3 24. Rab1 Nge5 25. Nd2 f5 26. Ne2 Bc5 27. Bxc5
bxc5 28. Qc2 Ne1 29. Qc3 Qg2# 0-1

[Event "Ostravský koník 2014 - MÈR"]
[Site "Ostrava, CZE"]
[Date "2014.05.02"]
[Round "7"]
[White "Zilka, Stepan"]
[Black "Svatos, Jan"]
[Result "1-0"]
[WhiteElo "2541"]
[BlackElo "2306"]
[PlyCount "71"]

1. d4 d5 2. c4 c6 3. Nf3 Nf6 4. Nc3 dxc4 5. a4 Bf5 6. Ne5 Nbd7 7. Nxc4 Nb6 8.
Ne5 a5 9. Bg5 h6 10. Bh4 Nfd7 11. e4 Nxe5 12. exf5 Nec4 13. Qb3 Nd6 14. Bd3 Nd7
15. Ne4 Nxe4 16. Bxe4 Qb6 17. Qc4 Nf6 18. Bf3 Rd8 19. O-O-O Nd5 20. Rhe1 Qb4
21. Qxb4 axb4 22. Kc2 g5 23. fxg6 fxg6 24. Kb3 Kf7 25. Re5 Nf6 26. d5 g5 27.
Bg3 c5 28. d6 exd6 29. Rxc5 dxc5 30. Rxd8 b6 31. Rb8 h5 32. Rb7+ Kg6 33. Rxb6
g4 34. Be4+ Kg5 35. Bh4+ Kxh4 36. Rxf6 1-0

[Event "Ostravský koník 2014 - MÈR"]
[Site "Ostrava, CZE"]
[Date "2014.05.02"]
[Round "7"]
[White "Studnicka, Tomas"]
[Black "Plat, Vojtech"]
[Result "0-1"]
[WhiteElo "2374"]
[BlackElo "2456"]
[PlyCount "80"]

1. d4 d6 2. Nf3 Bg4 3. e4 Nd7 4. h3 Bh5 5. Nc3 c6 6. Bd3 e5 7. g4 Bg6 8. h4 h5
9. g5 Ne7 10. Be3 Qa5 11. Qd2 O-O-O 12. O-O-O f5 13. gxf6 gxf6 14. dxe5 Nxe5
15. Be2 Ng4 16. Kb1 Nxe3 17. Qxe3 Bh6 18. Qd4 Rhf8 19. Nd2 Qc5 20. Qxc5 dxc5
21. Nc4 Rd4 22. e5 Bf4 23. exf6 Rxf6 24. Bd3 Bc7 25. Ne2 Rxd3 26. cxd3 b5 27.
Ne3 Rxf2 28. Nc3 c4 29. Ne4 Re2 30. Rhe1 cxd3 31. Nd2 Bg3 32. Rg1 Rxe3 33. Nf1
d2+ 34. Ka1 Re1 35. Nxg3 Rxg1 36. Rxg1 Bc2 37. Nxh5 Nf5 38. Nf6 Nxh4 39. Rg8+
Kb7 40. Rg7+ Ka6 0-1

[Event "Ostravský koník 2014 - MÈR"]
[Site "Ostrava, CZE"]
[Date "2014.05.02"]
[Round "7"]
[White "Sikorova, Olga"]
[Black "Jansa, Vlastimil"]
[Result "1/2-1/2"]
[WhiteElo "2288"]
[BlackElo "2455"]
[PlyCount "83"]

1. c4 g6 2. e4 e5 3. d4 Nf6 4. Nf3 Bb4+ 5. Bd2 Bxd2+ 6. Nbxd2 exd4 7. Nxd4 O-O
8. Be2 Re8 9. Qc2 Qe7 10. Nb5 Na6 11. O-O Nxe4 12. Nxe4 Qxe4 13. Bd3 Qe7 14.
Qd2 d6 15. Rae1 Be6 16. b4 Qf6 17. a3 Re7 18. Nc3 Kg7 19. Re4 Kg8 20. Rf4 Qg7
21. Ne4 f5 22. Ng5 Rae8 23. Nxe6 Rxe6 24. c5 Kh8 25. c6 Nb8 26. cxb7 c6 27. b5
Qxb7 28. bxc6 Nxc6 29. Bc4 Rf6 30. Bd5 Qb6 31. Bxc6 Qxc6 32. Qd4 Re5 33. Qxa7
Qc5 34. Qd7 Re4 35. Rxe4 fxe4 36. Qe8+ Kg7 37. Qe7+ Rf7 38. Qxe4 Qxa3 39. Qd4+
Kh6 40. Qh4+ Kg7 41. Qd4+ Kh6 42. Qh4+ 1/2-1/2

[Event "Ostravský koník 2014 - MÈR"]
[Site "Ostrava, CZE"]
[Date "2014.05.02"]
[Round "7"]
[White "Sabol, Marian"]
[Black "Zwardon, Vojtech"]
[Result "1/2-1/2"]
[WhiteElo "2295"]
[BlackElo "2391"]
[PlyCount "71"]

1. d4 Nf6 2. Bg5 Ne4 3. Bc1 Nf6 4. Bg5 Ne4 5. Bc1 e6 6. Nd2 d5 7. Nxe4 dxe4 8.
e3 Nd7 9. Ne2 Bd6 10. c4 c5 11. Nc3 f5 12. Nb5 Be7 13. d5 a6 14. d6 axb5 15.
dxe7 Qa5+ 16. Bd2 b4 17. f3 Nf6 18. fxe4 Nxe4 19. Bd3 Nxd2 20. Qxd2 b3 21. Qxa5
Rxa5 22. a3 Kxe7 23. Kd2 Rd8 24. Kc3 Ra6 25. Be2 Bd7 26. Rhd1 g5 27. g3 g4 28.
Rd2 Ba4 29. Rxd8 Kxd8 30. h3 h5 31. hxg4 hxg4 32. e4 Rd6 33. Rf1 fxe4 34. Rd1
Rxd1 35. Bxd1 Ke7 36. Kd2 1/2-1/2

[Event "Ostravský koník 2014 - MÈR"]
[Site "Ostrava, CZE"]
[Date "2014.05.02"]
[Round "7"]
[White "Holemar, David"]
[Black "Simacek, Pavel"]
[Result "0-1"]
[WhiteElo "2269"]
[BlackElo "2469"]
[PlyCount "58"]

1. d4 Nf6 2. c4 c5 3. d5 e6 4. Nc3 exd5 5. cxd5 d6 6. e4 g6 7. Bd3 Bg7 8. h3
O-O 9. Nf3 Na6 10. O-O Nc7 11. a4 a6 12. Re1 Rb8 13. a5 b5 14. axb6 Rxb6 15.
Nd2 Nb5 16. Nc4 Rb8 17. Bf4 Nh5 18. Bh2 Qh4 19. Bf1 Rd8 20. e5 dxe5 21. Nxe5
Nd4 22. Nxg6 hxg6 23. Bxb8 Bxh3 24. Bg3 Nxg3 25. fxg3 Qxg3 26. Qd3 Ne2+ 27.
Qxe2 Bd4+ 28. Kh1 Kg7 29. Ne4 Bxg2+ 0-1

[Event "Ostravský koník 2014 - MÈR"]
[Site "Ostrava, CZE"]
[Date "2014.05.02"]
[Round "7"]
[White "Voloshin, Leonid"]
[Black "Bartos, Jan"]
[Result "1/2-1/2"]
[WhiteElo "2391"]
[BlackElo "2232"]
[PlyCount "190"]

1. d4 d5 2. c4 c6 3. e3 Nf6 4. Nf3 Bf5 5. Nc3 a6 6. a4 e6 7. Bd3 Bg6 8. O-O
Nbd7 9. Qe2 Bxd3 10. Qxd3 dxc4 11. Qxc4 c5 12. dxc5 Bxc5 13. e4 Qc7 14. Qe2 O-O
15. Bg5 Ne5 16. Rac1 Nxf3+ 17. Qxf3 Qe5 18. Bf4 Qh5 19. e5 Qxf3 20. gxf3 Nd7
21. Rfd1 Rfd8 22. Ne4 Be7 23. Rc7 Nxe5 24. Rxd8+ Bxd8 25. Bxe5 Bxc7 26. Bxc7
Rc8 27. Bb6 Rc4 28. a5 Rb4 29. Nc5 Rxb2 30. Nxb7 Kf8 31. Nc5 Ke7 32. Nxa6 Kd7
33. Kg2 Rb1 34. Nb8+ Kc8 35. Nc6 f6 36. Nd4 Kd7 37. f4 g6 38. Nc2 Kc6 39. Ne3
Rb4 40. Kf3 Rb3 41. Bd8 Ra3 42. Kg3 Kd7 43. Bb6 Kc6 44. h3 Kd7 45. Kg2 Ra4 46.
Nc2 Rxf4 47. Nd4 e5 48. a6 Kc8 49. Ne6 Rb4 50. a7 Kb7 51. Nc7 Rxb6 52. a8=Q+
Kxc7 53. Qg8 g5 54. Qxh7+ Kd6 55. Qf7 Kc5 56. Kg3 Rd6 57. Kg4 Rd4+ 58. Kf5 Rf4+
59. Ke6 Kd4 60. Qa7+ Kd3 61. Qe3+ Kc4 62. Kf7 Kd5 63. Qd3+ Kc5 64. Kg6 Kc6 65.
Qd2 Kc5 66. Qxf4 gxf4 67. h4 e4 68. h5 e3 69. fxe3 fxe3 70. h6 e2 71. h7 e1=Q
72. h8=Q Qe4+ 73. Kf7 Qd5+ 74. Kg6 Qe4+ 75. Kf7 f5 76. Qc8+ Kd4 77. Qh8+ Qe5
78. Qh4+ f4 79. Qf2+ Qe3 80. Qb2+ Ke4 81. Qb7+ Kd3 82. Qd5+ Ke2 83. Qg2+ Kd3
84. Qd5+ Qd4 85. Qf3+ Kc4 86. Qc6+ Kb4 87. Qb7+ Kc3 88. Qf3+ Kd2 89. Qg2+ Ke3
90. Qg1+ Ke4 91. Qg6+ Kd5 92. Qe6+ Kc5 93. Qc8+ Kb5 94. Qb7+ Kc4 95. Qc6+ Kd3
1/2-1/2

[Event "Ostravský koník 2014 - MÈR"]
[Site "Ostrava, CZE"]
[Date "2014.05.02"]
[Round "7"]
[White "Kulovana, Eva"]
[Black "Lechtynsky, Jiri"]
[Result "1/2-1/2"]
[WhiteElo "2250"]
[BlackElo "2365"]
[PlyCount "56"]

1. e4 e6 2. d4 d5 3. Nd2 c5 4. exd5 Qxd5 5. Ngf3 cxd4 6. Bc4 Qd6 7. O-O Nf6 8.
Nb3 Nc6 9. Nbxd4 Nxd4 10. Qxd4 Qxd4 11. Nxd4 a6 12. a4 Bd7 13. b3 Bc5 14. Bb2
O-O 15. Nf3 Rfd8 16. Ne5 Be8 17. Rad1 Rxd1 18. Rxd1 Ne4 19. Ng4 b5 20. axb5
axb5 21. Bd3 Bc6 22. Kf1 f6 23. f3 Nd6 24. Ra1 Rxa1+ 25. Bxa1 e5 26. Nf2 Kf7
27. Ne4 Nxe4 28. Bxe4 Ke8 1/2-1/2

[Event "Ostravský koník 2014 - MÈR"]
[Site "Ostrava, CZE"]
[Date "2014.05.02"]
[Round "7"]
[White "Kuba, Jindrich"]
[Black "Freisler, Pavel"]
[Result "1-0"]
[WhiteElo "2239"]
[BlackElo "2357"]
[PlyCount "89"]

1. e4 Nf6 2. e5 Nd5 3. d4 d6 4. c4 Nb6 5. f4 Bf5 6. Nc3 dxe5 7. fxe5 e6 8. Nf3
Bb4 9. a3 Bxc3+ 10. bxc3 c5 11. Be2 Nc6 12. Be3 Na5 13. O-O O-O 14. Nd2 Bg6 15.
Qe1 Rc8 16. Rc1 Qe7 17. h4 cxd4 18. cxd4 Qxa3 19. Qg3 Nb3 20. Rc3 Nxd4 21. Bxd4
Qb2 22. Bxb6 axb6 23. Qe3 Rfd8 24. Nf3 Rc6 25. Rb3 Qa2 26. Rxb6 Rc7 27. Rd6
Rdc8 28. Qd2 Qa8 29. Rd1 h6 30. Rd8+ Kh7 31. Rxc8 Rxc8 32. Bd3 Qa7+ 33. Kh1 Qc5
34. Bxg6+ fxg6 35. Qd3 Qxc4 36. Qxc4 Rxc4 37. Rb1 g5 38. hxg5 hxg5 39. Nxg5+
Kg6 40. Nxe6 Kf5 41. Nxg7+ Kxe5 42. Rxb7 Rh4+ 43. Kg1 Rh8 44. Rb5+ Kf6 45. Nh5+
1-0

[Event "Ostravský koník 2014 - MÈR"]
[Site "Ostrava, CZE"]
[Date "2014.05.02"]
[Round "7"]
[White "Lys, Josef"]
[Black "Michenka, Jozef"]
[Result "1/2-1/2"]
[WhiteElo "2206"]
[BlackElo "2353"]
[PlyCount "71"]

1. d4 d5 2. c4 c6 3. Nc3 Nf6 4. Nf3 e6 5. e3 Nbd7 6. a3 Bd6 7. b4 O-O 8. Bb2
Qe7 9. Qb3 dxc4 10. Bxc4 e5 11. d5 Nb6 12. dxc6 bxc6 13. Be2 Be6 14. Qc2 a5 15.
O-O axb4 16. axb4 Nbd5 17. Nxd5 Bxd5 18. Qf5 Be4 19. Qg5 h6 20. Qg3 Rxa1 21.
Bxa1 Re8 22. b5 cxb5 23. Bxb5 Rb8 24. Be2 Nh5 25. Qh3 Nf6 26. Rc1 Nh7 27. Rc8+
Rxc8 28. Qxc8+ Nf8 29. Qc4 Bf5 30. Qb5 Bd7 31. Qd5 Be6 32. Qc6 f6 33. Bc4 Qc7
34. Qxc7 Bxc7 35. Bxe6+ Nxe6 36. Nd2 1/2-1/2

[Event "Ostravský koník 2014 - MÈR"]
[Site "Ostrava, CZE"]
[Date "2014.05.02"]
[Round "7"]
[White "Dobrovolsky, Ladislav"]
[Black "Kubík, Michael"]
[Result "1-0"]
[WhiteElo "2334"]
[BlackElo "2203"]
[PlyCount "77"]

1. Nf3 c5 2. b3 d5 3. Bb2 Nc6 4. e3 Nf6 5. Bb5 g6 6. O-O Bg7 7. Bxc6+ bxc6 8.
d3 O-O 9. Nbd2 Nd7 10. Bxg7 Kxg7 11. c4 Qb6 12. Qc2 d4 13. exd4 cxd4 14. Rfe1
e6 15. b4 a5 16. bxa5 Qa7 17. Nb3 c5 18. Ne5 Qc7 19. Qe2 f6 20. Nxd7 Bxd7 21.
f4 Ra6 22. Qf3 Bc8 23. Re2 Bb7 24. Qg3 Qc6 25. Rae1 Re8 26. h4 Qd6 27. Kh2 Kf7
28. Qg4 h6 29. Qg3 Qc6 30. Rb1 Ba8 31. Reb2 e5 32. fxe5 Rxe5 33. Nd2 Re2 34.
Ne4 Rxb2 35. Rxb2 Rxa5 36. Rf2 f5 37. h5 Kg8 38. Rxf5 g5 39. Qb8+ 1-0

[Event "Ostravský koník 2014 - MÈR"]
[Site "Ostrava, CZE"]
[Date "2014.05.02"]
[Round "7"]
[White "Mariková, Jana"]
[Black "Sobek, Jaroslav"]
[Result "0-1"]
[WhiteElo "2079"]
[BlackElo "2327"]
[PlyCount "130"]

1. d4 d5 2. Nf3 c6 3. c4 e6 4. Nc3 Nf6 5. Bg5 Nbd7 6. e3 Qa5 7. Nd2 Bb4 8. Qc2
O-O 9. Bxf6 Nxf6 10. Bd3 dxc4 11. Nxc4 Qc7 12. O-O Rd8 13. Rfd1 Bd7 14. Ne4
Nxe4 15. Bxe4 g6 16. a3 Bf8 17. b4 Be8 18. Rac1 Rac8 19. Ne5 a5 20. Qb3 axb4
21. axb4 Qb6 22. Nd3 Ra8 23. Nc5 Ra7 24. Bf3 Rda8 25. Qc4 Ra2 26. Rb1 R8a3 27.
e4 Qa7 28. d5 b6 29. Nd3 exd5 30. exd5 cxd5 31. Bxd5 Ra1 32. Ne5 Rxb1 33. Rxb1
Ra1 34. Qb3 Rxb1+ 35. Qxb1 Qc7 36. Nd3 Qc3 37. g3 Bb5 38. Nf4 Qxb4 39. Qd1 Bd6
40. Nd3 Qa3 41. Qf3 Qa7 42. Kg2 Qe7 43. Nb2 Bc5 44. Nc4 Kg7 45. Nd2 Qf6 46. Nb3
Qxf3+ 47. Kxf3 Bb4 48. Nd4 Bd7 49. Bc4 Kf6 50. Ke4 Bc5 51. f3 Ke7 52. Nb5 Bf5+
53. Kf4 f6 54. g4 Bc2 55. Kg3 g5 56. f4 Bd6 57. Nxd6 Kxd6 58. h4 h6 59. hxg5
hxg5 60. fxg5 fxg5 61. Kf3 Bd1+ 62. Kg3 Kc5 63. Be6 Kd4 64. Bd7 Ke3 65. Bc6 Be2
0-1

[Event "Ostravský koník 2014 - MÈR"]
[Site "Ostrava, CZE"]
[Date "2014.05.02"]
[Round "7"]
[White "Marek, Matyas"]
[Black "Malik, Jan"]
[Result "1-0"]
[WhiteElo "2110"]
[BlackElo "2289"]
[PlyCount "76"]

1. e4 c5 2. Nf3 d6 3. d4 cxd4 4. Nxd4 Nf6 5. Nc3 a6 6. Be3 e5 7. Nb3 Be6 8. f3
Nbd7 9. Qd2 Be7 10. g4 Nb6 11. g5 Nh5 12. O-O-O Rc8 13. Na5 Qc7 14. Kb1 O-O 15.
Nd5 Nxd5 16. exd5 Bf5 17. Rc1 Bd8 18. Nb3 b5 19. Bd3 Bg6 20. Rhg1 Qb7 21. Be4
Rc4 22. Qd3 Bb6 23. Nd2 Bxe3 24. Qxe3 Rc7 25. Nb3 b4 26. Na5 Qb5 27. Nc6 Nf4
28. Rgd1 Ne2 29. c4 bxc3 30. Rc2 Nd4 31. Rxc3 Qxd5 32. Nxd4 Rxc3 33. Qxc3 exd4
34. Qxd4 Qxg5 35. Qxd6 Bxe4+ 36. fxe4 a5 37. Qd5 Qg2 38. e5 h5 1-0

[Event "Ostravský koník 2014 - MÈR"]
[Site "Ostrava, CZE"]
[Date "2014.05.02"]
[Round "7"]
[White "Szotkowski, Jakub"]
[Black "Olsarova, Karolína"]
[Result "1/2-1/2"]
[WhiteElo "2161"]
[BlackElo "2279"]
[PlyCount "99"]

1. Nf3 d5 2. c4 c6 3. e3 Nf6 4. b3 Bg4 5. Bb2 e6 6. Be2 Nbd7 7. d3 h6 8. Nbd2
Bd6 9. O-O O-O 10. h3 Bh5 11. Nh4 Bxe2 12. Qxe2 Re8 13. g3 a5 14. e4 dxe4 15.
dxe4 Qc7 16. a4 Rad8 17. Bxf6 Nxf6 18. Ndf3 Nd7 19. Rad1 Nc5 20. Qe3 Be7 21. e5
Qb6 22. Nd4 Rd7 23. Nhf3 Red8 24. Rd2 Bf8 25. Rfd1 g6 26. Kg2 Bg7 27. Ne2 Rxd2
28. Rxd2 Rxd2 29. Nxd2 Qb4 30. f4 Bf8 31. g4 Nd7 32. Ne4 Qe1 33. Qd2 Qxd2 34.
Nxd2 Bb4 35. Ne4 Kf8 36. Kf3 Ke7 37. Nc1 Kd8 38. Nd3 Bf8 39. c5 Kc7 40. Nf6
Nxc5 41. Nxc5 Bxc5 42. f5 b5 43. Ke4 Be7 44. Ng8 Bf8 45. Nf6 bxa4 46. bxa4 c5
47. fxg6 fxg6 48. Kd3 Kc6 49. Kc4 Bg7 50. h4 1/2-1/2

[Event "Ostravský koník 2014 - MÈR"]
[Site "Ostrava, CZE"]
[Date "2014.05.02"]
[Round "7"]
[White "Belunek, Vladimír"]
[Black "Sikora, Jan"]
[Result "1/2-1/2"]
[WhiteElo "2252"]
[BlackElo "2188"]
[PlyCount "40"]

1. d4 d5 2. c4 c6 3. Nf3 Nf6 4. Nc3 a6 5. cxd5 cxd5 6. Bf4 Nc6 7. Rc1 Bf5 8. e3
e6 9. Be2 Be7 10. O-O O-O 11. Nh4 Be4 12. f3 Bg6 13. Nxg6 hxg6 14. Bg3 Rc8 15.
Na4 b5 16. Nc5 Qb6 17. a3 Na5 18. b4 Nc4 19. Rc3 a5 20. Bf2 Ra8 1/2-1/2

[Event "Ostravský koník 2014 - MÈR"]
[Site "Ostrava, CZE"]
[Date "2014.05.02"]
[Round "7"]
[White "Obsivac, Josef"]
[Black "Nguyen, Thai Dai Van"]
[Result "1/2-1/2"]
[WhiteElo "2299"]
[BlackElo "2217"]
[PlyCount "94"]

1. Nf3 d5 2. d4 Nf6 3. c4 e6 4. Bg5 Be7 5. Nc3 h6 6. Bh4 O-O 7. e3 Ne4 8. Bxe7
Qxe7 9. Rc1 c6 10. Bd3 Nxc3 11. Rxc3 dxc4 12. Bxc4 Nd7 13. O-O b6 14. Qe2 c5
15. Rd1 Bb7 16. Ba6 Bxa6 17. Qxa6 cxd4 18. Nxd4 Nc5 19. Qc4 Rfd8 20. Rdc1 Qf6
21. b4 Ne4 22. R3c2 Nd6 23. Qa6 Nf5 24. Nf3 Nh4 25. Nxh4 Qxh4 26. Rc4 Qh5 27.
h3 Rd1+ 28. Rxd1 Qxd1+ 29. Kh2 Qd6+ 30. g3 Qd2 31. Kg2 Rd8 32. Rf4 e5 33. Rc4
Qd5+ 34. e4 Qd3 35. Qb5 Kh7 36. Qc6 Rd6 37. Rc3 Qd2 38. Qc4 Rd4 39. Qc8 Rd7 40.
a3 Qd4 41. Rf3 g6 42. h4 h5 43. Qc6 Kg8 44. Qa8+ Kg7 45. Qc6 Kg8 46. Qa8+ Kg7
47. Qc6 Kg8 1/2-1/2

[Event "Ostravský koník 2014 - MÈR"]
[Site "Ostrava, CZE"]
[Date "2014.05.02"]
[Round "7"]
[White "Olsarova, Tereza"]
[Black "Frolik, Martin"]
[Result "1-0"]
[WhiteElo "2260"]
[BlackElo "2213"]
[PlyCount "107"]

1. e4 c5 2. Nf3 e6 3. d4 cxd4 4. Nxd4 Nf6 5. Nc3 Nc6 6. Be2 Bb4 7. O-O O-O 8.
Nxc6 dxc6 9. e5 Qxd1 10. Rxd1 Nd7 11. Bf4 h6 12. Ne4 Be7 13. Rd3 g5 14. Bg3 Nc5
15. Nxc5 Bxc5 16. Bf3 Re8 17. Rad1 Kf8 18. a4 a5 19. h4 Ra6 20. Kf1 Rb6 21. b3
Rb4 22. c4 Be7 23. hxg5 hxg5 24. Ke2 Kg7 25. Be4 Rh8 26. f4 b5 27. Bxc6 bxc4
28. bxc4 Rxc4 29. Bb5 Rc2+ 30. R1d2 Rxd2+ 31. Rxd2 Rd8 32. Rc2 Bb4 33. Rc7 gxf4
34. Bh4 Rg8 35. Kf3 Kh6 36. Kxf4 f5 37. Kf3 Bd2 38. Bf2 Kg6 39. Ke2 Bb4 40. Bb6
Kg5 41. Ke3 Kg4 42. Ra7 Kg3 43. Bc6 Be1 44. Ke2 Bc3 45. Bxa5 Bxe5 46. Be1+ Kg4
47. Ra8 Rh8 48. a5 Kg5 49. a6 Kg6 50. Bf2 Kf7 51. Bc5 Rg8 52. a7 Rh8 53. Kf2
Rg8 54. Rb8 1-0

[Event "Ostravský koník 2014 - MÈR"]
[Site "Ostrava, CZE"]
[Date "2014.05.02"]
[Round "7"]
[White "Jedlicka, Ales"]
[Black "Firt, Stanislav"]
[Result "1/2-1/2"]
[WhiteElo "2199"]
[BlackElo "2253"]
[PlyCount "32"]

1. Nf3 Nf6 2. c4 g6 3. g3 Bg7 4. Bg2 O-O 5. d4 c5 6. O-O Nc6 7. Nc3 d6 8. dxc5
dxc5 9. Be3 Be6 10. Bxc5 Qa5 11. Ba3 Bxc4 12. Nd4 Qa6 13. Nxc6 bxc6 14. Qc2 Nd5
15. Nxd5 cxd5 16. Qd2 Rab8 1/2-1/2

[Event "Ostravský koník 2014 - MÈR"]
[Site "Ostrava, CZE"]
[Date "2014.05.02"]
[Round "7"]
[White "Havlikova, Kristyna"]
[Black "Machycek, Lubomir"]
[Result "1/2-1/2"]
[WhiteElo "2251"]
[BlackElo "2210"]
[PlyCount "123"]

1. e4 c6 2. d4 d5 3. Nc3 dxe4 4. Nxe4 Bf5 5. Ng3 Bg6 6. N1e2 e6 7. Nf4 Bd6 8.
Ngh5 Bxh5 9. Nxh5 g6 10. Ng3 Nf6 11. Bh6 Qa5+ 12. c3 Nbd7 13. Qf3 Qd5 14. Be2
Qxf3 15. Bxf3 Bf8 16. Bd2 Bg7 17. O-O-O O-O 18. h4 e5 19. Be3 Rfe8 20. Rde1 Nd5
21. Bxd5 cxd5 22. Ne2 e4 23. h5 b5 24. g4 Rac8 25. Kd2 Rc6 26. Rh3 Rec8 27.
hxg6 hxg6 28. Bh6 Bf6 29. f3 exf3 30. Rxf3 Bh4 31. Ref1 Rf6 32. Be3 Rxf3 33.
Rxf3 Nf6 34. Nf4 Rd8 35. Ng2 Ne4+ 36. Kd3 Bg5 37. Bxg5 Nxg5 38. Rf6 Ne6 39. Ne3
Kg7 40. Rf1 Nc7 41. a4 Rb8 42. axb5 Rxb5 43. Kc2 a6 44. b3 Ra5 45. Kb2 Rb5 46.
Ka3 Rb8 47. Ng2 Nb5+ 48. Kb2 Rc8 49. Rf3 Rh8 50. Nf4 Rh2+ 51. Kc1 Nc7 52. c4
Rh4 53. Rg3 Kf6 54. Kd2 Ke7 55. Kc3 Kd6 56. Ng2 Rh2 57. Ne3 Rf2 58. g5 Rf4 59.
Ng2 Rf5 60. Ne3 Rf4 61. Ng2 Rf5 62. Ne3 1/2-1/2

[Event "Ostravský koník 2014 - MÈR"]
[Site "Ostrava, CZE"]
[Date "2014.05.02"]
[Round "7"]
[White "Sindler, Michal"]
[Black "Vrana, Frantisek"]
[Result "0-1"]
[WhiteElo "2157"]
[BlackElo "2245"]
[PlyCount "68"]

1. e4 e6 2. d4 d5 3. Nd2 Be7 4. e5 c5 5. Qg4 Kf8 6. Qd1 cxd4 7. Ngf3 Nc6 8. Bd3
f6 9. Qe2 fxe5 10. Nxe5 Nxe5 11. Qxe5 Bf6 12. Qe2 e5 13. f3 Ne7 14. O-O g5 15.
c3 Qb6 16. cxd4 Qxd4+ 17. Kh1 Bf5 18. Ne4 dxe4 19. fxe4 Rd8 20. Bc2 Kg7 21.
exf5 Nd5 22. Bb3 e4 23. Rd1 Qe5 24. Qb5 Nf4 25. Qxb7+ Kh6 26. Be3 Qxf5 27. Rf1
Rd3 28. Qxa7 Qg4 29. g3 Nh5 30. Rf2 Rf8 31. Raf1 Kg6 32. Kg2 Rd6 33. Bc5 Rd3
34. Bxf8 Rd4 0-1

[Event "Ostravský koník 2014 - MÈR"]
[Site "Ostrava, CZE"]
[Date "2014.05.02"]
[Round "7"]
[White "Splichal, Stanislav"]
[Black "Folk, Petr"]
[Result "1/2-1/2"]
[WhiteElo "2125"]
[BlackElo "2229"]
[PlyCount "58"]

1. d4 Nf6 2. Nf3 g6 3. g3 Bg7 4. Bg2 O-O 5. O-O d6 6. a4 Na6 7. Nc3 c5 8. h3
cxd4 9. Nxd4 Nc5 10. e4 a6 11. Be3 Rb8 12. a5 Bd7 13. Qd2 Qc8 14. Kh2 Re8 15.
Rfe1 e5 16. Nb3 Nxb3 17. cxb3 Be6 18. Nd5 Bxd5 19. exd5 Qd7 20. Qb4 e4 21. Red1
Re5 22. Bd4 Rh5 23. Bxf6 Bxf6 24. Qxe4 Bxb2 25. Ra2 Bg7 26. Qd3 Re5 27. Rc2 Rc8
28. Rdc1 Ree8 29. Bf1 Bf6 1/2-1/2

[Event "Ostravský koník 2014 - MÈR"]
[Site "Ostrava, CZE"]
[Date "2014.05.02"]
[Round "7"]
[White "Zidek, Vaclav"]
[Black "Krajina, Ales"]
[Result "1-0"]
[WhiteElo "2135"]
[BlackElo "2228"]
[PlyCount "133"]

1. d4 d5 2. Nc3 Bf5 3. f3 e6 4. e4 Bg6 5. Bd3 c5 6. exd5 exd5 7. Bxg6 hxg6 8.
Qe2+ Ne7 9. dxc5 Qa5 10. Qb5+ Nbc6 11. Qxa5 Nxa5 12. Bf4 O-O-O 13. O-O-O d4 14.
Nb5 Nec6 15. Bd6 a6 16. Bxf8 Rhxf8 17. Nd6+ Kc7 18. Ne2 b6 19. Ne4 bxc5 20.
Nxc5 Rd5 21. Nb3 Nxb3+ 22. axb3 Rfd8 23. Nf4 Ra5 24. Rhe1 Ra1+ 25. Kd2 Ra5 26.
Ra1 Rf5 27. Nd3 a5 28. Re4 Rh5 29. h3 Rg5 30. Re2 Rb5 31. Ra4 g5 32. Ra1 f6 33.
Rae1 Kd7 34. Re4 Rh8 35. Rg4 Rh4 36. Rxh4 gxh4 37. Re4 g5 38. Rg4 Ke6 39. f4
Kf5 40. fxg5 fxg5 41. Ne1 Rd5 42. Nf3 Kf6 43. Kd3 Rc5 44. c3 dxc3 45. bxc3 Rb5
46. Kc4 Rf5 47. Re4 Ne7 48. b4 axb4 49. cxb4 Nd5 50. b5 Nb6+ 51. Kb4 Nd5+ 52.
Ka5 Nc3 53. Rb4 Rxb5+ 54. Rxb5 Nxb5 55. Kxb5 Kf5 56. Kc4 Kf4 57. Kd3 g4 58. Ng1
Kg3 59. hxg4 Kxg2 60. Nh3 Kxh3 61. g5 Kg2 62. g6 h3 63. g7 h2 64. g8=Q+ Kh1 65.
Qd5+ Kg1 66. Qg5+ Kh1 67. Qh4 1-0

[Event "Ostravský koník 2014 - MÈR"]
[Site "Ostrava, CZE"]
[Date "2014.05.02"]
[Round "7"]
[White "Toman, Jaroslav"]
[Black "Folkova, Martina"]
[Result "1/2-1/2"]
[WhiteElo "2220"]
[BlackElo "2179"]
[PlyCount "80"]

1. d4 d5 2. c4 e6 3. Nc3 c6 4. Bf4 dxc4 5. a4 Bb4 6. e3 Nf6 7. Bxc4 Nbd7 8.
Nge2 O-O 9. O-O Qa5 10. Qb3 Be7 11. e4 e5 12. Bd2 Bb4 13. Qc2 exd4 14. Nxd4 Qc5
15. Nce2 Bxd2 16. Nb3 Qb4 17. Nxd2 Ne5 18. Ba2 b6 19. Qc3 Qxc3 20. Nxc3 Ba6 21.
Rfd1 Rfd8 22. Bb1 Nd3 23. Bxd3 Bxd3 24. Re1 Rd4 25. f3 Bc2 26. Nf1 Rad8 27. Ne3
Bb3 28. Re2 g6 29. Kf2 Nd7 30. Nc2 Bxc2 31. Rxc2 Nc5 32. Ke2 Nb3 33. Ra3 Rd2+
34. Rxd2 Rxd2+ 35. Ke3 Rxb2 36. Nd1 Rb1 37. Nc3 Rb2 38. Nd1 Rb1 39. Nc3 Re1+
40. Kf2 Nd4 1/2-1/2

[Event "Ostravský koník 2014 - MÈR"]
[Site "Ostrava, CZE"]
[Date "2014.05.02"]
[Round "7"]
[White "Dobes, Vojtech"]
[Black "Vybiíral, Zdenek"]
[Result "1/2-1/2"]
[WhiteElo "2103"]
[BlackElo "2167"]
[PlyCount "80"]

1. e4 e6 2. d4 d5 3. Nd2 Nf6 4. e5 Nfd7 5. Bd3 c5 6. c3 Nc6 7. Ne2 cxd4 8. cxd4
f6 9. Nf4 Qe7 10. Nf3 fxe5 11. dxe5 Ndxe5 12. Nxe5 Nxe5 13. Qh5+ Nf7 14. O-O g6
15. Bb5+ Bd7 16. Qe2 O-O-O 17. Bxd7+ Rxd7 18. Nxe6 Rd6 19. Re1 Nd8 20. Nd4 Qxe2
21. Rxe2 Nc6 22. Nb5 Rd7 23. Re8+ Rd8 24. Rxd8+ Kxd8 25. Be3 a6 26. Nd4 Kd7 27.
Rd1 Bg7 28. Kf1 Re8 29. b3 Nxd4 30. Bxd4 Bxd4 31. Rxd4 Kd6 32. f3 Kc5 33. Rd2
Re7 34. Kf2 d4 35. Re2 Rd7 36. Rd2 Kb4 37. Ke2 Kc3 38. Rd3+ Kb2 39. Rd2+ Kc3
40. Rd3+ Kb2 1/2-1/2